Complète la carrière 5 - Statistiques

Statistiques générales
  • Ce quiz a été pris 76 fois
  • Le résultat moyen est 7 sur 15
Statistiques - réponses
Joueur Club 1 Club 2 Club 3 % Correct
En-Nesyri Malaga Leganes Seville
87%
Koundé Barcelone Séville Bordeaux
84%
Sommer Borussia M'gladbach Bayern Munich Inter Milan
82%
Henrichs Bayer Leverkusen Leipzig Monaco
81%
Ndombele Amiens Ol Tottenham
78%
Vlahovic Partizan Belgrade Juventus Fiorentina
75%
Firmino Figueirense Liverpool Hoffenheim
58%
Zaha Cardif Crystal Palace Galatasaray
57%
N. Pepe Orleans Losc Angers
49%
Lovren Liverpool Southampton Ol
48%
T.Bakayoko Lorient Ac Milan Naples
33%
Tadic Groningue Southampton Twente
6%
Mitrovic Fulham Newcastle Anderlecht
4%
Tagliafico Ol Ajax Independiente
3%
E.Martinez Aston Villa Arsenal Reading
3%
Aucun quiz correspondant
Distribution des résultats
% des personnes avec chaque résultat
Percentile par nombre de réponses
Votre historique - résultats
Vous n’avez pas pris ce quiz